000 00477nam a2200169Ia 4500
008 251210s2022 xx 000 0 und d
020 _a9789390612970
041 _aeng
082 _a612.015 JOH
100 _aJohn, Sheila and Devaselvam, Jasmine
245 _aBasic and applied biochemistry nutrition and dietetics for nursing
250 _a3rd ed.
260 _aNew Delhi
_bWolters Kluwer
_c2022
300 _a345p
365 _cRS
650 _aBiochemistry and chemistry
999 _c64219
_d64219